000 00358nam a2200133Ia 4500
008 240624s9999 xx 000 0 und d
041 _aeng
082 _a658 ERI
100 _aERICSON MONA
245 _aNARRATIVE APPROACH TO BUSINESS GROWTH
260 _c2010
_aCheltenham
_bEdward Elgar Publishing Inc.
300 _a188 : p. : cm. ; 24
365 _cBPS
_b27
999 _c16979
_d16979